Discografia de Bad Bunny - Estadísticas

Estadísticas generales
  • Esta prueba ha sido intentada 944 veces
    561 desde el último reinicio
  • La puntuación promedio es 68 de 131
Estadísticas de respuestas
Respuesta % Correcto
16 DtMF
82%
5 La Cancion
81%
1 NUEVAYoL
79%
14 Safaera
77%
2 Monaco
74%
1 Moscow Mule
74%
6 Otra Noche En Miami
74%
3 BAILE INoLVIDABLE
72%
1 Nadie Sabe
72%
21 Un Verano Sin Ti
72%
2 VOY A LLeVARTE PA PR
70%
1 Si Veo a Tu Mama
69%
6 VeLDÁ
69%
4 La Santa
68%
20 <3
67%
14 120
66%
19 Andrea
66%
3 Fina
66%
4 Titi Me Pregunto
66%
23 Callaita
64%
11 Dakiti
63%
5 La Noche De Anoche
63%
15 Mia
63%
14 Ojitos Lindos
63%
8 Si Estuviesemos Juntos
63%
7 Tarot
63%
15 EoO
62%
17 LA MuDANZA
62%
19 Perro Negro
62%
13 RLNDT
61%
18 Un Coco
61%
6 Un Peso
61%
11 La Romana
60%
3 Me Porto Bonito
60%
8 Neverita
60%
4 PERFuMITO NUEVO
60%
4 Cancion Con Yandel
59%
9 La Corriente
59%
5 WELTiTA
59%
9 Booker T
58%
11 Party
58%
6 Bichiyal
57%
9 BOKeTE
57%
12 CAFé CON RON
57%
10 Telefono Nuevo
57%
5 Yo Perreo Sola
57%
22 Agosto
56%
2 Despues de la Playa
56%
4 Hibiki
56%
10 KLOuFRENS
56%
1 Ni Bien Ni Mal
56%
21 Acho PR
55%
7 EL CLúB
55%
13 Enseñame a Bailar
55%
14 LO QUE LE PASÓ A HAWAii
55%
8 Seda
55%
11 TURiSTA
55%
2 200 MPH
54%
10 Efecto
54%
13 PIToRRO DE COCO
54%
4 Que Pretendes
54%
13 Una Vez
54%
6 Bad Con Nicky
53%
8 Como Se Siente Remix
53%
19 Hablamos Mañana
53%
2 La Dificil
53%
18 P FKN R
53%
4 Caro
52%
14 Estamos Bien
52%
8 La Zona
52%
16 No Me Quiero Casar
52%
7 Solia
52%
22 Un Preview
52%
12 A Tu Merced
51%
16 Esta Cabron Ser Yo
51%
7 Yo Visto Asi
51%
15 25/8
50%
8 KETU TeCRÉ
49%
12 Mercedes Carota
49%
17 Otro Atardecer
49%
15 Baticano
47%
16 Cantares De Navidad
47%
15 Dos mil 16
47%
18 Thunder Y Lightning
47%
10 Vete
47%
16 El Apagon
46%
20 Europa :(
46%
5 Mr. October
46%
7 Vou 787
46%
12 Aguacero
45%
8 Haciendo Que Me Amas
45%
10 La Droga
45%
9 Que Malo
45%
11 Ignorantes
44%
2 Te Mudaste
44%
12 Trellas
44%
17 Where She Goes
44%
11 Baby Nueva
43%
12 Como antes
43%
3 Hoy Cobre
43%
20 Me Fui de Vacaciones
43%
17 Puesto Pa Guerrial
43%
8 Como Un Bebe
42%
6 Cybertruck
42%
1 El Mundo Es Mio
42%
10 En Casita
42%
1 Mojaita
42%
13 Los Pits
41%
5 Pa Romperla
40%
13 Sorry Papi
40%
14 Vuelve Candy B
40%
6 Yo No Soy Celoso
40%
15 Antes Que Se Acabe
39%
3 Pero Ya No
39%
4 Maldita Pobreza
38%
5 Un Ratito
38%
9 Gracias Por Nada
37%
9 Solo De Mi
37%
3 Bye Me Fui
36%
9 Ronca Freestyle
36%
7 Odio
35%
10 Cuando Perriabas
34%
7 Ser Bichote
34%
3 Quien Tu Eres?
33%
5 Tenemos Que Hablar
32%
6 Te Deseo Lo Mejor
31%
7 Bendiciones
30%
2 Yo le Llego
29%
3 Cuidao Por Ahi
28%
2 Mas De Una Cita
28%
1 Si Ella Sale
22%
No se encontraron pruebas coincidentes
Distribución de puntuación
Porcentaje de gente con cada puntuación
Porcentaje por número respondido
Historial de tus puntuaciones
No has intentado esta prueba desde el último reinicio